000 00492nam a2200157 i 4500
001 71410
003 ES-MaACL
005 20230906171125.0
007 t|
008 040810s1963 pr ||||1| spa d
100 1 _aGeigel Polanco, Vicente.
_956211
245 1 0 _aBajo el signo de Géminis
_b: poemas de ayer y de hoy /
_cVicente Geigel Polanco.
260 _aSan Juan de Puerto Rico :
_b[s.n.,
_c1963] (
_fImp. Venezuela)
300 _a98 p. ;
_c21 cm.
852 _aES-MaACL
_jC-26023
_bR.54759
999 _c71410
_d71410